Statistics for Milwaukee Bucks All-Time Scoring Leaders

Click here to take the quiz!

General Stats

  • This quiz has been taken 31 times
    (26 since last reset)
  • The average score is 11 of 20

Answer Stats

PointsPlayer% Correct
14211Kareem Abdul-Jabbar
96%
10435Giannis Antetokounmpo
92%
11594Sidney Moncrief
92%
8123Khris Middleton
88%
11554Michael Redd
83%
9681Ray Allen
83%
10980Marques Johnson
71%
12010Glenn Robinson
67%
9290Terry Cummings
58%
11478Bob Dandridge
54%
5922Vin Baker
46%
5179Andrew Bogut
42%
9743Brian Winters
42%
6906Paul Pressey
42%
5939Sam Cassell
42%
9892Junior Bridgeman
33%
5253Jack Sikma
29%
7505Jon McGlocklin
25%
7570Ricky Pierce
25%
5679Ersan Ilyasova
21%

Score Distribution

Percentile by Number Answered

Percent of People with Each Score

Your Score History

You have not taken this quiz since the last reset